| 000 | 00460nam a2200145 4500 | ||
|---|---|---|---|
| 001 | 108326 | ||
| 003 | ES-MaACL | ||
| 005 | 20230906184625.0 | ||
| 007 | t| | ||
| 008 | 061121s1917 sp r ||||1| spa d | ||
| 100 | 1 |
_aMon Pascual, Juan. _982095 |
|
| 245 | 1 | 3 |
_aEl heredamiento universal y sus relaciones hipotecarias _b: tesis doctoral / _cJuan Mon Pascual. |
| 260 |
_aBarcelona : _b[s.n], _c1917 ( _fImp. de la Casa de Caridad) |
||
| 852 |
_aES-MaACL _j1518-F-11 |
||
| 999 |
_c108326 _d108326 |
||